000 01106nam a22002417a 4500
003 PE SENCICO BE
005 20251020182707.0
008 240301b |||||||| |||| 00| 0 eng d
040 _aPE SENCICO BE
_cPE SENCICO BE
084 _aI
_aDIS
_a1999
_bR74
100 1 _91999
_aRodriguez Campos, Walter Manuel
_eautor
245 1 _aLevantamiento topográfico del lugar para el arranque del rompeolas proyectado en el desarrollo portuario del terminal portuario de Ilo /
_cWalter Manuel Rodriguez Campos
260 _aLima :
_c1999
300 _a[50] h. :
_bplans.;
_c30 x 42 cm.
500 _aTexto contiene planos: 30 x 42 cm.
502 _aMonografía de Titulación.-- Servicio Nacional de Capacitación para la Industria de la Construcción. Escuela Superior Técnica. Carrera Profesional Técnica en Topografía y Geodesía, 1999
650 1 0 _94
_aTopografía
650 2 0 _9116
_aLevantamiento topográfico
650 2 0 _92000
_aPuertos
710 1 _aServicio Nacional de Capacitación para la Industria de la Construcción.
_bEscuela Superior Técnica
_91065
910 _bhfp
_chfp
942 _cMON
999 _c4975
_d4975